Wszystkie gminy w Polsce na literę Ł - Statystyki

Ogólne statystyki
  • Ten quiz został rozwiązany 22 razy
    14 od ostatniego zresetowania
  • Średni wynik to 22 z 56
Statystyki odpowiedzi
Województwo Gmina % Poprawnych
łódzkie Łęczyca
100%
łódzkie Łódź
100%
lubelskie Łuków
91%
łódzkie Łask
82%
lubelskie Łęczna
82%
łódzkie Łowicz
82%
śląskie Łazy
73%
podkarpackie Łańcut
64%
pomorskie Łeba
64%
mazowieckie Łosice
64%
podlaskie Łapy
55%
kujawsko-pomorskie Łasin
55%
lubelskie Łaziska
55%
śląskie Łaziska Górne
55%
mazowieckie Łomianki
55%
podlaskie Łomża
55%
mazowieckie Łąck
45%
świętokrzyskie Łączna
45%
lubuskie Łagów
45%
świętokrzyskie Łagów
45%
łódzkie Łyszkowice
45%
kujawsko-pomorskie Łabiszyn
36%
dolnośląskie Łagiewniki
36%
łódzkie Łanięta
36%
zachodniopomorskie Łobez
36%
mazowieckie Łochów
36%
lubelskie Łomazy
36%
świętokrzyskie Łoniów
36%
małopolskie Łososina Dolna
36%
małopolskie Łabowa
27%
małopolskie Łącko
27%
łódzkie Ładzice
27%
małopolskie Łapanów
27%
małopolskie Łapsze Niżne
27%
mazowieckie Łaskarzew
27%
łódzkie Łęki Szlacheckie
27%
śląskie Łodygowice
27%
świętokrzyskie Łopuszno
27%
kujawsko-pomorskie Łubianka
27%
łódzkie Łubnice
27%
świętokrzyskie Łubnice
27%
małopolskie Łukowica
27%
kujawsko-pomorskie Łysomice
27%
lubelskie Łabunie
18%
opolskie Łambinowice
18%
pomorskie Łęczyce
18%
śląskie Łękawica
18%
lubuskie Łęknica
18%
wielkopolskie Łobżenica
18%
lubelskie Łopiennik Górny
18%
opolskie Łubniany
18%
małopolskie Łużna
18%
mazowieckie Łyse
18%
lubelskie Łaszczów
9%
wielkopolskie Łęka Opatowska
9%
wielkopolskie Łubowo
9%
Nie znaleziono quizów pasujących do podanych kryteriów
Rozkład punktacji
Procent ludzi z każdym wynikiem
Percentyl według liczby udzielonych odpowiedzi
Twoja historia wyników
Nie rozwiązałeś tego quizu od ostatniego zresetowania